000 00479nam a22001937a 4500
003 MPLRDC
005 20220104185059.0
008 210129b ||||| |||| 00| 0 eng d
020 _a986-417-874-2
082 _a494 LC
100 _a李城等
245 _a爱变才会赢
_c
250 _a一版一刷
260 _a香港
_b天下远见出版股份有限公司
_c2007
300 _b
490 _a财经企管. CB357
650 _a企业管理
942 _cBK
_o494 LC
999 _c63170
_d63160